Viazané vklady

Vo všeobecnosti sa úroky alebo iné podobné výnosy plynúce fyzickým osobám z viazaných vkladov zdaňujú osobitnou sadzbou 15 perc. Od 1.1.2000 je možné pri úrokoch alebo iných výnosoch uplatniť aj tzv. zvýhodnenú osobitnú sadzbu 5 perc. Kto a za akých vkladov si môže uplatniť osobitnú sadzbu dane 5 pe...

Descripción completa

Guardado en:
Detalles Bibliográficos
Autor principal: Vajda, Eduard
Formato: Capítulo de libro
Lenguaje:eslovaco
Materias:
Etiquetas: Agregar Etiqueta
Sin Etiquetas, Sea el primero en etiquetar este registro!

MARC

LEADER 00000naa a2200000 4500
001 r039593
005 20231003083815.3
041 0 |a slo 
044 |a SK 
245 1 0 |a Viazané vklady  |c Eduard Vajda 
520 |a Vo všeobecnosti sa úroky alebo iné podobné výnosy plynúce fyzickým osobám z viazaných vkladov zdaňujú osobitnou sadzbou 15 perc. Od 1.1.2000 je možné pri úrokoch alebo iných výnosoch uplatniť aj tzv. zvýhodnenú osobitnú sadzbu 5 perc. Kto a za akých vkladov si môže uplatniť osobitnú sadzbu dane 5 perc. 
610 2 0 |a vklady 
610 2 0 |a výnosy 
610 2 0 |a úrok 
610 2 0 |a dane z príjmov 
610 2 0 |a sadzby daňové 
610 2 0 |a zvýhodnenie daňové 
610 2 0 |a úpravy právne 
610 2 0 |a január 
610 2 0 |a 2000 
100 1 |a Vajda, Eduard